Stochastic models in biology /
Guardado en:
| Autor Principal: | |
|---|---|
| Otros Autores: | |
| Formato: | Libro |
| Idioma: | English |
| Publicado: |
New York :
Academic Press,
1974.
|
| Materias: | |
| Etiquetas: |
Agregar Etiqueta
Sin Etiquetas, Sea el primero en etiquetar este registro!
|
| LEADER | 00747cam a2200229 a 4500 | ||
|---|---|---|---|
| 001 | MAT.inmabb005144 | ||
| 008 | 740308s1974####nyua#####b####001#0#eng## | ||
| 005 | 20180611164922.0 | ||
| 245 | 1 | 0 | |a Stochastic models in biology / |c Narendra S. Goel, Nira Richter-Dyn. |
| 260 | |a New York : |b Academic Press, |c 1974. | ||
| 300 | |a x, 269 p. : |b il. ; |c 24 cm. | ||
| 504 | |a Incluye referencias bibliográficas e índice. | ||
| 510 | 4 | |a MR, |c 52 #1913 | |
| 020 | |a 0122874609 | ||
| 100 | 1 | |a Goel, Narendra S., |d 1941- | |
| 700 | 1 | |a Dyn, N. |q (Nira) | |
| 650 | 0 | |a Biology |x Mathematical models. | |
| 650 | 0 | |a Stochastic processes. | |
| 084 | |a 60J70 (60J85 92B05) |2 msc2000 | ||
| 010 | |a 73018938 | ||
| 040 | |a DLC |c DLC |d DLC | ||
| 859 | |h 60 |i G595 |p A-4922 |b BIB. MATEMATICA | ||
